Statistics for My Little Pony FiM Theme Song Lyrics

Click here to take the quiz!

General Stats

  • This quiz has been taken 1,341 times
  • The average score is 11 of 14

Answer Stats

HintAnswer% Correct
My Little ____pony
100%
My ____ pony aaahhh...little
99%
What _____ could befriendship
87%
Tons of ____fun
87%
Until you all shared its _____ with memagic
87%
I used to ____wonder
85%
Big _____adventure
80%
Sharing _____kindness
78%
And magic makes it all _____``complete
76%
It's an _____ feateasy
76%
A _______ heartbeautiful
74%
Do you know you're all my ____ ____ ______?very best friends
74%
_______ and strongfaithful
68%
You have my little ______ponies
42%

Score Distribution

Percentile by Number Answered

Percent of People with Each Score

Your Score History

You have not taken this quiz